| Tag |
First Indicator |
Second Indicator |
Subfields |
| LEADER |
00000cam a2200000 a 4500 |
| 001 |
in00004513521 |
| 005 |
20180418131349.0 |
| 008 |
080829s2010 enka b 001 0 eng |
| 020 |
|
|
|a 9781840761085 (hbk.)
|
| 020 |
|
|
|a 1840761083 (hbk.)
|
| 035 |
|
|
|a (OCoLC)ocn248992472
|
| 035 |
|
|
|a (OCoLC)248992472
|
| 040 |
|
|
|a UKM
|c UKM
|d BWKUK
|d BWK
|d TMV
|d UtOrBLW
|
| 049 |
|
|
|a TMVM
|c 1
|
| 050 |
|
4 |
|a SF867
|b .N54 2010
|
| 060 |
|
4 |
|a SF 992.M68
|b N672s 2010
|
| 100 |
1 |
|
|a Niemiec, Brook A.
|0 http://id.loc.gov/authorities/names/n2010182376
|
| 245 |
1 |
0 |
|a Small animal dental, oral & maxillofacial disease :
|b a color handbook /
|c Brook A. Niemiec.
|
| 246 |
3 |
3 |
|a Small animal dental, oral and maxillofacial disease
|
| 246 |
3 |
4 |
|a Color handbook small animal dental, oral & maxillofacial disease.
|
| 264 |
|
1 |
|a London :
|b Manson Publishing/The Veterinary Press,
|c [2010]
|
| 264 |
|
4 |
|c ©2010
|
| 300 |
|
|
|a 272 pages :
|b color illustrations ;
|c 24 cm
|
| 336 |
|
|
|a text
|b txt
|2 rdacontent
|
| 337 |
|
|
|a unmediated
|b n
|2 rdamedia
|
| 338 |
|
|
|a volume
|b nc
|2 rdacarrier
|
| 504 |
|
|
|a Includes bibliographical references and index.
|
| 505 |
0 |
|
|a Anatomy and physiology -- Oral examination -- Veterinary dental radiology -- Pathology in the pediatric patient -- Pathologies of the dental hard tissues -- Problems with the gingiva -- Pathologies of the oral mucosa -- Problems with muscles, bones, and joints -- Malignant oral neoplasia -- Pathologies of the salivary system -- Appendices -- References
|
| 650 |
|
0 |
|a Veterinary dentistry.
|0 http://id.loc.gov/authorities/subjects/sh85143016
|
| 650 |
|
2 |
|a Dentistry
|x veterinary.
|0 https://id.nlm.nih.gov/mesh/D003813Q000662
|
| 650 |
|
2 |
|a Mouth Diseases
|x veterinary.
|0 https://id.nlm.nih.gov/mesh/D009059Q000662
|
| 650 |
|
2 |
|a Tooth Diseases
|x veterinary.
|0 https://id.nlm.nih.gov/mesh/D014076Q000662
|
| 650 |
|
2 |
|a Dog Diseases.
|0 https://id.nlm.nih.gov/mesh/D004283
|
| 650 |
|
2 |
|a Cat Diseases.
|0 https://id.nlm.nih.gov/mesh/D002371
|
| 650 |
|
2 |
|a Dogs.
|0 https://id.nlm.nih.gov/mesh/D004285
|
| 650 |
|
2 |
|a Cats.
|0 https://id.nlm.nih.gov/mesh/D002415
|
| 650 |
|
2 |
|a Pets.
|0 https://id.nlm.nih.gov/mesh/D057805
|
| 776 |
0 |
8 |
|i Electronic version:
|a Niemiec, Brook A.
|t Small animal dental, oral & maxillofacial disease
|d London : Manson/Veterinary Press, 2010
|z 9781840765328
|w (OCoLC)647891308
|
| 999 |
f |
f |
|s dbdbb458-ba2d-30c7-b1cd-e251f17962f7
|i a789d771-af46-36d9-ba2a-ff2fb208a110
|t 0
|
| 952 |
f |
f |
|p preservation
|a Texas A&M University
|b J.J. Pickle Campus
|c High Density Repository
|d Remote Storage
|t 0
|e SF 992.M68 N672s 2010
|h National Library of Medicine classification
|i unmediated -- volume
|m 323890211001U
|
| 998 |
f |
f |
|a SF 992.M68 N672s 2010
|t 0
|l Remote Storage
|